[Event "Mfr. Einzelmeisterschaft 2013"]
[Site "Wachendorf"]
[Date "2013.03.27"]
[Round "1.1"]
[White "Götz, Andreas"]
[Black "Walch, Roger"]
[Result "0-1"]
[WhiteElo "2120"]
[BlackElo "1749"]
[PlyCount "92"]
[EventDate "2013.??.??"]
[WhiteTeam "SC Erlangen 48/88 e.V."]
[BlackTeam "SW Nürnberg Süd e.V."]

1. e4 e6 2. d4 d5 3. Bd3 c5 4. exd5 exd5 5. Nf3 Bd6 6. dxc5 Bxc5 7. O-O Ne7 8.
a3 Nbc6 9. b4 Bd6 10. Bb2 O-O 11. Re1 Ng6 12. Bxg6 hxg6 13. b5 Ne7 14. Qd4 Nf5
15. Qd3 Nh6 16. Nc3 Bf5 17. Qxd5 Qc7 18. Rad1 Rad8 19. Qb3 Ng4 20. h3 Nxf2 21.
Nd5 Nxh3+ 22. gxh3 Bc5+ 23. Kg2 Qc8 24. Qc3 Bxh3+ 25. Kh1 f6 26. Ng5 Bg4 27.
Qc4 Kh8 28. Qc3 Qf5 29. Qxc5 Qxg5 30. Qe3 Qh5+ 31. Kg2 Bxd1 32. Rh1 Qxh1+ 33.
Kxh1 Rxd5 34. c4 Rh5+ 35. Kg2 Rd8 36. Bd4 b6 37. Qc3 Rg5+ 38. Kf2 Re8 39. Qh3+
Bh5 40. Qd7 Re2+ 41. Kf1 Rf5+ 42. Kg1 Bf3 43. Bf2 Rg5+ 44. Kf1 Rh5 45. Qd3 Rh1+
46. Bg1 Rg2 0-1

[Event "Mfr. Einzelmeisterschaft 2013"]
[Site "Wachendorf"]
[Date "2013.03.27"]
[Round "1.2"]
[White "Münzenberg, Dietrich"]
[Black "Luther, Helmut"]
[Result "0-1"]
[WhiteElo "1705"]
[BlackElo "2008"]
[PlyCount "92"]
[EventDate "2013.??.??"]
[WhiteTeam "Spvg Zabo-Eintracht Nürnberg e.V"]
[BlackTeam "SW Nürnberg Süd e.V."]

1. d4 d5 2. Bg5 g6 3. f3 Bg7 4. e4 dxe4 5. fxe4 Qxd4 6. Qxd4 Bxd4 7. c3 Bg7 8.
Nf3 Nf6 9. Nbd2 O-O 10. Bc4 h6 11. Bf4 c6 12. O-O Nbd7 13. Rfe1 Nc5 14. a4 Be6
15. b4 Bxc4 16. bxc5 Ba6 17. Rac1 Nd7 18. Be3 Kh7 19. Bd4 e5 20. Bf2 Rfe8 21.
Nh4 Bf8 22. Nb3 Be7 23. Red1 Nf8 24. Nf3 f6 25. c4 Rad8 26. Na5 Ne6 27. Rb1
Nxc5 28. Kf1 Nxe4 29. Bxa7 Rxd1+ 30. Rxd1 Rd8 31. Rc1 Nd2+ 32. Nxd2 Rxd2 33.
Rb1 Rd7 34. Kf2 Bd8 35. Nb3 Be7 36. Na5 f5 37. Bb6 e4 38. h3 Bg5 39. g3 Rd2+
40. Ke1 Rd7 41. h4 Bf6 42. Rb3 g5 43. h5 Be5 44. Kf2 Kg7 45. Bc5 Rd2+ 46. Ke3
Rg2 0-1

[Event "Mfr. Einzelmeisterschaft 2013"]
[Site "Wachendorf"]
[Date "2013.03.27"]
[Round "1.3"]
[White "Lais, Thomas"]
[Black "Dreiseitel, Werner"]
[Result "1-0"]
[WhiteElo "1959"]
[BlackElo "1584"]
[PlyCount "32"]
[EventDate "2013.??.??"]
[WhiteTeam "SW Nürnberg Süd e.V."]
[BlackTeam "SC Noris-Tarrasch Nürnberg 1873"]

1. e4 c6 2. d4 d5 3. exd5 cxd5 4. c4 Nc6 5. Nc3 Nf6 6. Bg5 Qb6 7. cxd5 Qxb2 8.
Rc1 Nxd4 9. Qxd4 e6 10. Bb5+ Bd7 11. Bxd7+ Nxd7 12. Qd2 Qb6 13. Be3 Qa6 14. Qe2
Qa3 15. Nb5 Bb4+ 16. Kf1 O-O 1-0

[Event "Mfr. Einzelmeisterschaft 2013"]
[Site "Wachendorf"]
[Date "2013.03.27"]
[Round "1.4"]
[White "Dreiseitel, Ursula"]
[Black "Rieber, Rene"]
[Result "0-1"]
[WhiteElo "1485"]
[BlackElo "1944"]
[PlyCount "72"]
[EventDate "2013.??.??"]
[WhiteTeam "SC Noris-Tarrasch Nürnberg 1873"]
[BlackTeam "SC Bechhofen 1923 e.V."]

1. d4 e5 2. dxe5 Nc6 3. Nf3 Qe7 4. Bf4 Qb4+ 5. Nbd2 Qxf4 6. g3 Qb4 7. Rb1 Nge7
8. Bg2 Ng6 9. c3 Qe7 10. O-O Ngxe5 11. Re1 d6 12. Qc2 g6 13. Rbd1 Bh6 14. Ne4
Bf5 15. Nh4 O-O-O 16. Nxf5 gxf5 17. Nd2 f4 18. Qf5+ Qe6 19. Qh5 Qg6 20. Bh3+
Kb8 21. Qf5 Ne7 22. Qb1 fxg3 23. hxg3 f5 24. Nf1 Rdg8 25. Kh2 Qh5 26. Rd4 Rg4
27. Ne3 Bxe3 28. fxe3 Rhg8 29. Rg1 Rxd4 30. exd4 Qxe2+ 31. Rg2 Nf3+ 32. Kh1 Qe3
33. Qd1 Ne1 34. Rg1 Rxg3 35. Rxg3 Qxg3 36. Bf1 Nf3 0-1

[Event "Mfr. Einzelmeisterschaft 2013"]
[Site "Wachendorf"]
[Date "2013.03.27"]
[Round "1.5"]
[White "Schanz, Karlheinz"]
[Black "Denninger, David"]
[Result "1-0"]
[WhiteElo "1923"]
[BlackElo "1485"]
[PlyCount "99"]
[EventDate "2013.??.??"]
[WhiteTeam "SC Mühlhof-Reichelsdorf e.V."]
[BlackTeam "TSV Cadolzburg e.V."]

1. e4 e5 2. Nf3 Nc6 3. Bb5 Nf6 4. d3 d6 5. h3 Be7 6. Nc3 a6 7. Bxc6+ bxc6 8.
Qe2 O-O 9. O-O h6 10. Nh2 d5 11. exd5 Nxd5 12. Nxd5 cxd5 13. Qxe5 Bd6 14. Qd4
Re8 15. Nf3 c5 16. Qc3 d4 17. Qd2 Qf6 18. Qd1 Bb7 19. Bd2 Bxf3 20. Qxf3 Qxf3
21. gxf3 Re2 22. Rad1 Rb8 23. b3 Rbe8 24. Rfe1 g5 25. Kf1 R2e6 26. Re4 f5 27.
Rxe6 Rxe6 28. Re1 Kf7 29. c4 Rxe1+ 30. Kxe1 Kf6 31. a3 h5 32. Kf1 g4 33. Kg2
gxh3+ 34. Kxh3 Kg6 35. b4 Be7 36. b5 axb5 37. cxb5 c4 38. dxc4 Bxa3 39. b6 Bd6
40. f4 Kf6 41. Kh4 Ke6 42. Kxh5 Kd7 43. Kg5 Kc6 44. Kxf5 Kxb6 45. Ke4 Kc5 46.
Kd3 Be7 47. Bc1 Bf6 48. Ba3+ Kc6 49. Ke4 Kd7 50. Bc5 1-0

[Event "Mfr. Einzelmeisterschaft 2013"]
[Site "Wachendorf"]
[Date "2013.03.27"]
[Round "1.6"]
[White "Weidenhöfer, Robert"]
[Black "Weißmann, Peter"]
[Result "1/2-1/2"]
[WhiteElo "1479"]
[BlackElo "1823"]
[PlyCount "52"]
[EventDate "2013.??.??"]
[WhiteTeam "SW Nürnberg Süd e.V."]
[BlackTeam "SK Zirndorf e.V."]

1. b3 e5 2. Bb2 Nc6 3. e3 d5 4. Bb5 Bd6 5. f4 Qh4+ 6. g3 Qe7 7. Bxc6+ bxc6 8.
Nf3 Bg4 9. fxe5 Bxe5 10. Bxe5 Bxf3 11. Qxf3 Qxe5 12. d4 Qe7 13. O-O Nf6 14. Nd2
Qb4 15. Qe2 O-O 16. Nf3 Qc3 17. Ne5 c5 18. Qd3 cxd4 19. exd4 Qxd3 20. Nxd3 Rfe8
21. Rae1 Ne4 22. Nb4 Nc3 23. Kf2 a5 24. Nc6 Ne4+ 25. Kg2 f6 26. c4 dxc4 1/2-1/2

[Event "Mfr. Einzelmeisterschaft 2013"]
[Site "Wachendorf"]
[Date "2013.03.27"]
[Round "1.7"]
[White "Gajewski, Richard"]
[Black "Homfeldt, Maren"]
[Result "1-0"]
[WhiteElo "1774"]
[BlackElo "913"]
[PlyCount "85"]
[EventDate "2013.??.??"]
[WhiteTeam "FC Gunzenhausen 1910 e.V"]
[BlackTeam "SC Noris-Tarrasch Nürnberg 1873"]

1. e4 b6 2. d4 Bb7 3. e5 e6 4. c3 g6 5. Nf3 h6 6. Bd3 Bg7 7. O-O Ne7 8. Nh4 d5
9. f4 Nd7 10. Qg4 Nf8 11. b4 Qd7 12. a4 a6 13. Bd2 O-O-O 14. Qe2 c6 15. Bxa6
Bxa6 16. Qxa6+ Qb7 17. Qd3 Nf5 18. Nf3 Kc7 19. Rc1 Ra8 20. c4 Nd7 21. cxd5 exd5
22. Nc3 Ne7 23. Nb5+ Kb8 24. Nd6 Qc7 25. Nxf7 Rf8 26. e6 Nf6 27. N3e5 Kc8 28.
Nxc6 Nxc6 29. b5 Kb7 30. Rxc6 Qxc6 31. bxc6+ Kc7 32. Bb4 Ne8 33. Bxf8 Bxf8 34.
Qxg6 Bg7 35. Ne5 Kd8 36. Qf7 Ra7 37. Qxa7 Nd6 38. Qxg7 Ke8 39. Qd7+ Kf8 40.
Qxd6+ Kg7 41. e7 Kh7 42. Qg6+ Kh8 43. e8=R# 1-0

[Event "Mfr. Einzelmeisterschaft 2013"]
[Site "Wachendorf"]
[Date "2013.03.27"]
[Round "2.1"]
[White "Luther, Helmut"]
[Black "Schanz, Karlheinz"]
[Result "1-0"]
[WhiteElo "2008"]
[BlackElo "1923"]
[PlyCount "135"]
[EventDate "2013.??.??"]
[WhiteTeam "SW Nürnberg Süd e.V."]
[BlackTeam "SC Mühlhof-Reichelsdorf e.V."]

1. d4 Nf6 2. c4 c6 3. g3 d6 4. Bg2 Qc7 5. Nc3 Nbd7 6. b3 e5 7. Bb2 Be7 8. e3
O-O 9. Nge2 Re8 10. O-O Nf8 11. d5 c5 12. a4 Bg4 13. f3 Bd7 14. e4 Ng6 15. Qd3
Qc8 16. Rfc1 Bh3 17. Bh1 Bd7 18. Ba3 a5 19. Bb2 Bf8 20. Nd1 Qd8 21. Ne3 h5 22.
Rc2 Nh7 23. Nc3 Ng5 24. Bg2 Bh3 25. Bh1 Bd7 26. Nb5 Qb6 27. Nf5 Nh7 28. Bc1
Bxb5 29. axb5 Qc7 30. Qe2 Be7 31. Qg2 Bf6 32. Qh3 h4 33. gxh4 Qd8 34. h5 Nf4
35. Qg4 Kh8 36. Rb1 Nd3 37. Rg2 Rg8 38. Be3 b6 39. Kf1 a4 40. bxa4 Rxa4 41. Rd2
Nb4 42. h4 Ra7 43. Ke2 Ra3 44. Rg1 Rc3 45. Ra1 Qc7 46. Bg5 Rxc4 47. h6 g6 48.
Ne3 Rc3 49. Bg2 Bxg5 50. hxg5 Rd8 51. f4 exf4 52. Qxf4 Qe7 53. Nd1 Rc2 54. Nb2
Rxd2+ 55. Kxd2 Nxg5 56. Nc4 Kh7 57. Nxb6 Rb8 58. Nc4 Rxb5 59. Kc3 Rb8 60. Nxd6
Rd8 61. Nc4 Re8 62. e5 Qd8 63. d6 Rf8 64. Ra8 Qxa8 65. Bxa8 Rxa8 66. Qxg5 Nc6
67. d7 Rb8 68. Qf6 1-0

[Event "Mfr. Einzelmeisterschaft 2013"]
[Site "Wachendorf"]
[Date "2013.03.27"]
[Round "2.2"]
[White "Hummel, Hannes"]
[Black "Lais, Thomas"]
[Result "0-1"]
[WhiteElo "764"]
[BlackElo "1959"]
[PlyCount "80"]
[EventDate "2013.??.??"]
[WhiteTeam "SC Bad Windsheim 1920 e.V."]
[BlackTeam "SW Nürnberg Süd e.V."]

1. e4 c5 2. Nc3 d6 3. d3 Nc6 4. Nf3 g6 5. Bf4 Bg7 6. Bd2 e6 7. Be2 Nge7 8. O-O
O-O 9. h3 Nd4 10. Nxd4 cxd4 11. Nb5 Qb6 12. c4 a6 13. Na3 Qxb2 14. Nc2 Qb6 15.
Rb1 Qc7 16. Nb4 Bd7 17. Qc1 Rfc8 18. Bg5 f6 19. Bh6 a5 20. Nc2 e5 21. Bxg7 Kxg7
22. Na3 Rab8 23. Nb5 Qc5 24. Na3 Rc7 25. Qc2 Qxa3 26. Rb3 Qc5 27. Rfb1 Ba4 28.
R1b2 b5 29. Kf1 Bxb3 30. Rxb3 Rcb7 31. Kg1 bxc4 32. Rxb7 Rxb7 33. dxc4 Qb4 34.
f3 Qb1+ 35. Qxb1 Rxb1+ 36. Kf2 Rb2 37. a3 d3 38. Ke3 dxe2 39. Kd3 e1=Q 40. a4
Qd2# 0-1

[Event "Mfr. Einzelmeisterschaft 2013"]
[Site "Wachendorf"]
[Date "2013.03.27"]
[Round "2.3"]
[White "Rieber, Rene"]
[Black "Gajewski, Richard"]
[Result "1/2-1/2"]
[WhiteElo "1944"]
[BlackElo "1774"]
[PlyCount "198"]
[EventDate "2013.??.??"]
[WhiteTeam "SC Bechhofen 1923 e.V."]
[BlackTeam "FC Gunzenhausen 1910 e.V"]

1. e4 e6 2. Nf3 a6 3. d4 b5 4. Bd3 Bb7 5. O-O Ne7 6. Bg5 Qc8 7. Bxe7 Bxe7 8.
Ne5 Nc6 9. Qf3 O-O 10. Qe3 Nxe5 11. dxe5 c5 12. c4 Qc6 13. Nc3 b4 14. Ne2 Rad8
15. Qh3 d6 16. exd6 Rxd6 17. Nf4 g6 18. Qg3 Rfd8 19. Rfe1 Kf8 20. h4 Rd4 21. b3
Bf6 22. Rad1 Be5 23. Re3 Qd6 24. Rf3 Bxf4 25. Rxf4 Rxd3 26. Rxd3 Qxd3 27. Qg5
Qd1+ 28. Kh2 Qd6 29. e5 Qe7 30. Rf6 Rd4 31. h5 Be4 32. f3 Bf5 33. g4 Bb1 34.
Qc1 Bd3 35. Qh6+ Kg8 36. Qg5 Qd8 37. h6 Bb1 38. Kg3 Bxa2 39. Qe3 a5 40. Qc1
Bxb3 41. Rf4 Rxf4 42. Qxf4 a4 43. Qe3 Qe7 44. f4 Bxc4 45. f5 gxf5 46. gxf5 exf5
47. Kh3 f6 48. Qg1+ Kh8 49. exf6 Qxf6 50. Qxc5 Qxh6+ 51. Kg3 Qg5+ 52. Kh2 Qf4+
53. Kg1 Qg3+ 54. Kh1 Qh3+ 55. Kg1 Qg4+ 56. Kh2 Kg7 57. Qxb4 Bf1 58. Qe7+ Kg6
59. Qe6+ Kg5 60. Qe7+ Kf4 61. Qd6+ Ke3 62. Qa3+ Kf2 63. Qc5+ Ke1 64. Qc3+ Kf2
65. Qc5+ Ke2 66. Qc2+ Kf3 67. Qc3+ Kf4 68. Qd4+ Kg5 69. Qg7+ Kf4 70. Qd4+ Kf3
71. Qc3+ Ke4 72. Qc6+ Kd3 73. Qb5+ Kd2 74. Qb2+ Ke3 75. Qc1+ Ke4 76. Qc6+ Kd4
77. Qxa4+ Bc4 78. Qa7+ Ke4 79. Qxh7 Qf4+ 80. Kh1 Qf3+ 81. Kh2 Bd5 82. Qe7+ Kd3
83. Qa3+ Ke2 84. Qb2+ Kf1 85. Qc1+ Kf2 86. Qf1+ Ke3 87. Qc1+ Ke4 88. Qc5 f4 89.
Qe7+ Kd3 90. Qa3+ Ke2 91. Qb2+ Ke1 92. Qc1+ Kf2 93. Qf1+ Ke3 94. Qc1+ Ke4 95.
Qc5 Kf5 96. Qf8+ Ke4 97. Qc5 Qg3+ 98. Kh1 Ke5+ 99. Qxd5+ Kxd5 1/2-1/2

[Event "Mfr. Einzelmeisterschaft 2013"]
[Site "Wachendorf"]
[Date "2013.03.27"]
[Round "2.4"]
[White "Walch, Roger"]
[Black "Weidenhöfer, Robert"]
[Result "1-0"]
[WhiteElo "1749"]
[BlackElo "1479"]
[PlyCount "63"]
[EventDate "2013.??.??"]
[WhiteTeam "SW Nürnberg Süd e.V."]
[BlackTeam "SW Nürnberg Süd e.V."]

1. e4 e5 2. Bc4 Bc5 3. Nf3 d6 4. h3 Be6 5. Bxe6 fxe6 6. d4 exd4 7. Nxd4 Qf6 8.
c3 Nd7 9. O-O O-O-O 10. Be3 e5 11. Nc2 h6 12. b4 Bb6 13. a4 g5 14. a5 Bxe3 15.
Nxe3 Ne7 16. Na3 h5 17. a6 g4 18. axb7+ Kb8 19. Nd5 Nxd5 20. Qxd5 gxh3 21. f3
Rdg8 22. Ra2 Qf4 23. Nc4 Rxg2+ 24. Rxg2 hxg2 25. Ra1 Nb6 26. Qa5 Kxb7 27. Qxa7+
Kc6 28. b5+ Kxb5 29. Qxc7 Nxc4 30. Rb1+ Ka6 31. Qxc4+ Ka7 32. Qa4# 1-0

[Event "Mfr. Einzelmeisterschaft 2013"]
[Site "Wachendorf"]
[Date "2013.03.27"]
[Round "2.5"]
[White "Weißmann, Peter"]
[Black "Götz, Andreas"]
[Result "0-1"]
[WhiteElo "1823"]
[BlackElo "2120"]
[PlyCount "66"]
[EventDate "2013.??.??"]
[WhiteTeam "SK Zirndorf e.V."]
[BlackTeam "SC Erlangen 48/88 e.V."]

1. e4 c6 2. d4 g6 3. f4 d5 4. e5 h5 5. Bd3 Nh6 6. Nf3 Nf5 7. O-O Qb6 8. Bxf5
Bxf5 9. Nh4 e6 10. Nxf5 gxf5 11. Rf3 c5 12. dxc5 Bxc5+ 13. Kh1 Nc6 14. c3 a5
15. b3 O-O-O 16. b4 axb4 17. cxb4 Bxb4 18. a3 Ba5 19. Nc3 Qd4 20. Qb3 Qc4 21.
Qb2 Bxc3 22. Qxc3 Qxc3 23. Rxc3 Kb8 24. Rc5 Rc8 25. Be3 Rhd8 26. a4 d4 27. Bd2
Ne7 28. Rb5 Nd5 29. Rab1 Rd7 30. Bb4 Nxb4 31. R5xb4 d3 32. Kg1 d2 33. Rd1 Rc1
0-1

[Event "Mfr. Einzelmeisterschaft 2013"]
[Site "Wachendorf"]
[Date "2013.03.27"]
[Round "2.7"]
[White "Dreiseitel, Werner"]
[Black "Dreiseitel, Ursula"]
[Result "0-1"]
[WhiteElo "1584"]
[BlackElo "1485"]
[PlyCount "100"]
[EventDate "2013.??.??"]
[WhiteTeam "SC Noris-Tarrasch Nürnberg 1873"]
[BlackTeam "SC Noris-Tarrasch Nürnberg 1873"]

1. d4 Nf6 2. c4 g6 3. Nc3 Bg7 4. e4 d6 5. f3 O-O 6. Be3 Nbd7 7. Bd3 e5 8. d5
Nh5 9. Nge2 Qh4+ 10. Bf2 Qf6 11. b4 Nf4 12. O-O Nxd3 13. Qxd3 Qe7 14. Nb5 Nf6
15. c5 Ne8 16. cxd6 cxd6 17. Nxa7 f5 18. Nxc8 Rxc8 19. Rfc1 Nf6 20. Nc3 f4 21.
Nb5 Qd8 22. Rxc8 Qxc8 23. Nxd6 Qd7 24. Nc4 Nh5 25. Nb6 Qd6 26. Bc5 Qc7 27. d6
Qd8 28. Qd5+ Rf7 29. Rd1 Nf6 30. Nc4 Nxd5 31. Rxd5 Rd7 32. Nb6 Rf7 33. Nc4 g5
34. Nxe5 Rf8 35. Nc4 g4 36. fxg4 Qd7 37. e5 Qxg4 38. d7 Rd8 39. e6 Qe2 40. Nd2
Qxe6 41. Rd6 Qxa2 42. Bb6 Be5 43. Rd3 Bf6 44. Bxd8 Bxd8 45. Kf1 Qb2 46. Ke2
Qxb4 47. Rb3 Qe7+ 48. Kf3 Qxd7 49. Ke2 Qd6 50. Nf3 Qe6+ 0-1

[Event "Mfr. Einzelmeisterschaft 2013"]
[Site "Wachendorf"]
[Date "2013.03.27"]
[Round "3.1"]
[White "Lais, Thomas"]
[Black "Walch, Roger"]
[Result "1-0"]
[WhiteElo "1959"]
[BlackElo "1749"]
[PlyCount "79"]
[EventDate "2013.??.??"]
[WhiteTeam "SW Nürnberg Süd e.V."]
[BlackTeam "SW Nürnberg Süd e.V."]

1. e4 e6 2. d4 d5 3. Nc3 Nf6 4. Bg5 Be7 5. e5 Nfd7 6. h4 c5 7. Bxe7 Qxe7 8. Nb5
Kd8 9. Qg4 f6 10. f4 Nc6 11. Nf3 a6 12. Na3 cxd4 13. O-O-O fxe5 14. fxe5 Rf8
15. Qg3 b5 16. Bd3 Nb4 17. Nxd4 Nc5 18. Kb1 Bd7 19. Bxh7 Rc8 20. c3 Nc6 21.
Nac2 Na4 22. Nxc6+ Bxc6 23. Nd4 Bd7 24. Bc2 Nb6 25. Bb3 a5 26. Rhf1 Kc7 27. Qg5
Qxg5 28. hxg5 a4 29. Bc2 Nc4 30. Rfe1 Rf2 31. Re2 Rcf8 32. Bd3 Rxe2 33. Bxe2
Rf2 34. Bxc4 bxc4 35. Rg1 Kd8 36. a3 Ke7 37. Kc1 Kf7 38. Nf3 Kg6 39. Rd1 Rxg2
40. Nh4+ 1-0

[Event "Mfr. Einzelmeisterschaft 2013"]
[Site "Wachendorf"]
[Date "2013.03.27"]
[Round "3.2"]
[White "Gajewski, Richard"]
[Black "Luther, Helmut"]
[Result "0-1"]
[WhiteElo "1774"]
[BlackElo "2008"]
[PlyCount "88"]
[EventDate "2013.??.??"]
[WhiteTeam "FC Gunzenhausen 1910 e.V"]
[BlackTeam "SW Nürnberg Süd e.V."]

1. a3 d5 2. b4 e5 3. Bb2 Bd6 4. e3 Nf6 5. c4 c6 6. cxd5 cxd5 7. Nc3 Nbd7 8. Nf3
O-O 9. Ng5 h6 10. h4 Re8 11. Nf3 a6 12. Nh2 Nb6 13. b5 d4 14. Na4 Bd7 15. Nxb6
Qxb6 16. Qb3 dxe3 17. dxe3 axb5 18. Bc4 Qa5+ 19. Bc3 bxc4 20. Qxc4 Qc5 21. Qxc5
Bxc5 22. Ke2 Bb5+ 23. Ke1 Rxa3 24. Rxa3 Bxa3 25. Nf3 Ne4 26. Bd2 Nxd2 27. Kxd2
Bc6 28. Rb1 b5 29. Rb3 Bxf3 30. gxf3 Rd8+ 31. Ke2 b4 32. f4 exf4 33. e4 Rd4 34.
Kf3 g5 35. hxg5 hxg5 36. e5 Kg7 37. Kg4 Kg6 38. Rh3 Re4 39. Rh8 Rxe5 40. f3 Rb5
41. Rd8 b3 42. Rd3 b2 43. Rxa3 b1=Q 44. Ra6+ f6 0-1

[Event "Mfr. Einzelmeisterschaft 2013"]
[Site "Wachendorf"]
[Date "2013.03.27"]
[Round "3.3"]
[White "Schanz, Karlheinz"]
[Black "Rieber, Rene"]
[Result "0-1"]
[WhiteElo "1923"]
[BlackElo "1944"]
[PlyCount "124"]
[EventDate "2013.??.??"]
[WhiteTeam "SC Mühlhof-Reichelsdorf e.V."]
[BlackTeam "SC Bechhofen 1923 e.V."]

1. e4 e5 2. Bc4 Nf6 3. d3 Nc6 4. Nc3 Na5 5. Bb3 Nxb3 6. axb3 Bc5 7. Nf3 Ng4 8.
O-O Bd4 9. Ne2 Nxf2 10. Rxf2 Bxf2+ 11. Kxf2 d6 12. h3 O-O 13. Bg5 f6 14. Bh4 g5
15. Bg3 g4 16. hxg4 Bxg4 17. Qd2 f5 18. Bh4 Qe8 19. Qg5+ Qg6 20. Qxg6+ hxg6 21.
Kg3 Kg7 22. Nc3 a6 23. Ng5 Rfc8 24. Nd5 Ra7 25. Ne6+ Kf7 26. Ng5+ Kg7 27. Rc1
c6 28. Nb6 Re8 29. Kf2 a5 30. Kg1 Ra6 31. Bf2 c5 32. Nd5 Rh8 33. Ne6+ Kf7 34.
Nec7 Rc6 35. Be3 f4 36. Bd2 b6 37. Nb5 Ra8 38. Ra1 Bd7 39. Kf2 Kf8 40. Bc3 Bg4
41. Rh1 Bh5 42. Nf6 a4 43. Ra1 Ke7 44. Nd5+ Kf7 45. bxa4 c4 46. d4 g5 47. dxe5
dxe5 48. Bb4 Bg6 49. Nbc3 g4 50. Rh1 Re8 51. Rd1 g3+ 52. Kg1 Bh5 53. Rd2 Rh6
54. Nc7 Reh8 55. Rd7+ Kg6 56. Rd6+ Kg7 57. Ne6+ Rxe6 58. Rxe6 f3 59. Rxe5 f2+
60. Kf1 Bg6 61. Rg5 Rh1+ 62. Ke2 f1=Q+ 0-1

[Event "Mfr. Einzelmeisterschaft 2013"]
[Site "Wachendorf"]
[Date "2013.03.27"]
[Round "3.4"]
[White "Homfeldt, Maren"]
[Black "Götz, Andreas"]
[Result "0-1"]
[WhiteElo "913"]
[BlackElo "2120"]
[PlyCount "82"]
[EventDate "2013.??.??"]
[WhiteTeam "SC Noris-Tarrasch Nürnberg 1873"]
[BlackTeam "SC Erlangen 48/88 e.V."]

1. g3 d5 2. Bg2 Nf6 3. h3 e5 4. e3 Bd6 5. Ne2 h5 6. b3 Be6 7. Bb2 Qd7 8. d3 Nc6
9. a3 O-O-O 10. Nd2 Rdf8 11. Nc3 Be7 12. Ne2 Ne8 13. Nf3 h4 14. Nxe5 Nxe5 15.
Bxe5 hxg3 16. Nxg3 Bxh3 17. Bxh3 Rxh3 18. Qf3 Rxh1+ 19. Qxh1 Qe6 20. d4 f6 21.
Qh5 fxe5 22. Qxe5 Qxe5 23. dxe5 Bh4 24. Nh1 Rf5 25. Ke2 Rxe5 26. Rd1 Nd6 27.
Rd4 Rh5 28. Rxh4 Rxh4 29. Ng3 Rh2 30. c3 Ne4 31. Nxe4 dxe4 32. Kf1 Rh1+ 33. Kg2
Rc1 34. c4 Rc3 35. Kg3 Rxb3 36. Kf4 Rb2 37. Kxe4 Rxf2 38. Kd3 g5 39. e4 g4 40.
Ke3 g3 41. a4 Rf8 0-1

[Event "Mfr. Einzelmeisterschaft 2013"]
[Site "Wachendorf"]
[Date "2013.03.27"]
[Round "3.5"]
[White "Münzenberg, Dietrich"]
[Black "Hummel, Hannes"]
[Result "1-0"]
[WhiteElo "1705"]
[BlackElo "764"]
[PlyCount "105"]
[EventDate "2013.??.??"]
[WhiteTeam "Spvg Zabo-Eintracht Nürnberg e.V"]
[BlackTeam "SC Bad Windsheim 1920 e.V."]

1. d4 d5 2. Bg5 c5 3. e3 Nc6 4. Nf3 Bg4 5. Be2 Nf6 6. Bxf6 exf6 7. O-O Bd6 8.
dxc5 Bxc5 9. c3 O-O 10. Nbd2 Re8 11. Qb3 Qb6 12. Qxb6 Bxb6 13. h3 Bh5 14. g4
Bg6 15. Nb3 Red8 16. Nfd4 Nxd4 17. Nxd4 Bxd4 18. cxd4 Rdc8 19. Rac1 Rc6 20.
Rxc6 bxc6 21. Rc1 Rc8 22. Bb5 Be4 23. Rxc6 Rxc6 24. Bxc6 a5 25. a3 g6 26. b4
axb4 27. axb4 f5 28. b5 fxg4 29. hxg4 g5 30. Kh2 f5 31. gxf5 Bxf5 32. b6 h5 33.
b7 h4 34. b8=Q+ Kg7 35. Bxd5 g4 36. Qg8+ Kf6 37. e4 Be6 38. Qxe6+ Kg5 39. Qf5+
Kh6 40. Qxg4 Kh7 41. Qxh4+ Kg6 42. f4 Kg7 43. Qg5+ Kf8 44. e5 Ke8 45. f5 Kd7
46. f6 Kc7 47. f7 Kd7 48. f8=Q Kc7 49. e6 Kb6 50. e7 Kb5 51. e8=Q+ Kb6 52. Qc5+
Ka6 53. Qa8# 1-0

[Event "Mfr. Einzelmeisterschaft 2013"]
[Site "Wachendorf"]
[Date "2013.03.27"]
[Round "3.6"]
[White "Dreiseitel, Ursula"]
[Black "Weißmann, Peter"]
[Result "0-1"]
[WhiteElo "1485"]
[BlackElo "1823"]
[PlyCount "60"]
[EventDate "2013.??.??"]
[WhiteTeam "SC Noris-Tarrasch Nürnberg 1873"]
[BlackTeam "SK Zirndorf e.V."]

1. d4 Nf6 2. Nf3 b6 3. Bf4 Bb7 4. e3 h6 5. h3 e6 6. Bd3 Nc6 7. a3 d5 8. O-O Bd6
9. Bxd6 Qxd6 10. Nbd2 g5 11. e4 dxe4 12. Nxe4 Nxe4 13. Bxe4 O-O-O 14. c3 g4 15.
hxg4 h5 16. g5 Rhg8 17. Ne5 Nxe5 18. Bxb7+ Kxb7 19. dxe5 Qxe5 20. Qxh5 Rxg5 21.
Qf3+ Kb8 22. g3 Rdg8 23. Rae1 Qd6 24. Rd1 Qc5 25. Kg2 Rf5 26. Qe4 Rh8 27. Rd7
Rfh5 28. Rxf7 Rh2+ 29. Kf3 Qh5+ 30. Ke3 Qxf7 0-1

[Event "Mfr. Einzelmeisterschaft 2013"]
[Site "Wachendorf"]
[Date "2013.03.27"]
[Round "3.7"]
[White "Denninger, David"]
[Black "Dreiseitel, Werner"]
[Result "1-0"]
[WhiteElo "1485"]
[BlackElo "1584"]
[PlyCount "121"]
[EventDate "2013.??.??"]
[WhiteTeam "TSV Cadolzburg e.V."]
[BlackTeam "SC Noris-Tarrasch Nürnberg 1873"]

1. e4 d6 2. Nf3 c5 3. d4 cxd4 4. Nxd4 a6 5. Nc3 Nd7 6. Be3 Ne5 7. f4 Nc6 8. Bc4
Nf6 9. e5 Ng4 10. Nxc6 bxc6 11. Qf3 Nxe3 12. Qxe3 d5 13. O-O-O Qa5 14. Bb3 Bf5
15. Qf3 h6 16. g4 Bh7 17. Nxd5 cxd5 18. Bxd5 O-O-O 19. Ba8 Rxd1+ 20. Rxd1 Qc7
21. f5 e6 22. Rd3 Bc5 23. Rc3 Kd8 24. b4 Qxe5 25. Rxc5 Qa1+ 26. Kd2 Qd4+ 27.
Qd3 Qxd3+ 28. Kxd3 Ke7 29. Be4 Rd8+ 30. Ke3 Rd6 31. f6+ Kxf6 32. Bxh7 g6 33. h4
Kg7 34. Rc7 Kxh7 35. Rxf7+ Kg8 36. Rf6 Kg7 37. g5 hxg5 38. hxg5 Rc6 39. Kd3
Rd6+ 40. Kc3 Rd5 41. Rxe6 Rxg5 42. Rxa6 Rg3+ 43. Kb2 Rg4 44. Kb3 Kh6 45. Rd6
Kh5 46. b5 Rg3+ 47. c3 g5 48. b6 g4 49. b7 Rf3 50. b8=Q Kh4 51. Qg8 Kg3 52. Rd4
Rf4 53. Rxf4 Kxf4 54. a4 g3 55. a5 Kf3 56. a6 g2 57. a7 Ke3 58. Qxg2 Kd3 59.
Qd5+ Ke2 60. a8=R Ke1 61. Re8+ 1-0

[Event "Mfr. Einzelmeisterschaft 2013"]
[Site "Wachendorf"]
[Date "2013.03.28"]
[Round "4.2"]
[White "Rieber, Rene"]
[Black "Walch, Roger"]
[Result "1-0"]
[WhiteElo "1944"]
[BlackElo "1749"]
[PlyCount "77"]
[EventDate "2013.??.??"]
[WhiteTeam "SC Bechhofen 1923 e.V."]
[BlackTeam "SW Nürnberg Süd e.V."]

1. e4 e6 2. Nf3 c5 3. e5 Nc6 4. Bb5 a6 5. Bxc6 bxc6 6. d3 d6 7. exd6 Bxd6 8.
Nbd2 Ne7 9. Ne4 O-O 10. Be3 Nd5 11. O-O Nxe3 12. fxe3 Be7 13. Ne5 Bb7 14. Qh5
f6 15. Nc4 Qd5 16. Qe2 Rae8 17. Rf3 f5 18. Nc3 Qd8 19. Raf1 Bf6 20. Na4 Be7 21.
e4 Bg5 22. Nxc5 Bc8 23. e5 f4 24. Ne4 Qd4+ 25. Kh1 h6 26. c3 Qa7 27. Ned6 Re7
28. Qe4 Bb7 29. h4 Bxh4 30. Rxf4 Rxf4 31. Qxf4 Bg5 32. Qf8+ Kh7 33. d4 c5 34.
Rf7 Rxf7 35. Qxf7 Bxg2+ 36. Kxg2 Qa8+ 37. Qb7 Qf8 38. dxc5 Qf4 39. Qe4+ 1-0

[Event "Mfr. Einzelmeisterschaft 2013"]
[Site "Wachendorf"]
[Date "2013.03.28"]
[Round "4.3"]
[White "Götz, Andreas"]
[Black "Münzenberg, Dietrich"]
[Result "1-0"]
[WhiteElo "2120"]
[BlackElo "1705"]
[PlyCount "65"]
[EventDate "2013.??.??"]
[WhiteTeam "SC Erlangen 48/88 e.V."]
[BlackTeam "Spvg Zabo-Eintracht Nürnberg e.V"]

1. c4 e6 2. Nf3 f5 3. g3 Nf6 4. Bg2 c6 5. O-O d5 6. b3 Bd6 7. Bb2 O-O 8. Ne5
Nbd7 9. Nxd7 Bxd7 10. d4 Qe7 11. Nd2 e5 12. dxe5 Bxe5 13. Bxe5 Qxe5 14. cxd5
Nxd5 15. Nc4 Qe6 16. Qd2 Rad8 17. Rad1 Bc8 18. Rfe1 Qf6 19. Qa5 a6 20. Bxd5+
cxd5 21. Rxd5 b6 22. Qd2 b5 23. Nd6 Be6 24. Rd4 Rd7 25. Rd1 Rfd8 26. e3 g5 27.
Qb4 Qe5 28. Nb7 Rxd4 29. exd4 Qc7 30. Nxd8 Qxd8 31. d5 Bd7 32. Re1 f4 33. Qe7
1-0

[Event "Mfr. Einzelmeisterschaft 2013"]
[Site "Wachendorf"]
[Date "2013.03.28"]
[Round "4.4"]
[White "Weißmann, Peter"]
[Black "Gajewski, Richard"]
[Result "0-1"]
[WhiteElo "1823"]
[BlackElo "1774"]
[PlyCount "78"]
[EventDate "2013.??.??"]
[WhiteTeam "SK Zirndorf e.V."]
[BlackTeam "FC Gunzenhausen 1910 e.V"]

1. e4 e6 2. d4 a6 3. Bd3 b5 4. Ne2 Bb7 5. O-O Ne7 6. Bg5 Qc8 7. c3 Ng6 8. Nd2
h6 9. Be3 c5 10. e5 cxd4 11. cxd4 Nh4 12. f3 Nc6 13. g3 Nf5 14. Bxf5 exf5 15.
a3 Qd8 16. f4 Rc8 17. b4 Ne7 18. Nb3 Nd5 19. Qd3 g6 20. Nc5 Bxc5 21. dxc5 h5
22. Bd2 h4 23. Nc1 f6 24. Bc3 hxg3 25. Qxg3 Kf7 26. exf6 Nxf6 27. Nd3 d6 28.
cxd6 Rg8 29. Bxf6 Qxf6 30. Ne5+ Ke6 31. Qe3 g5 32. Ng4+ Kf7 33. Nxf6 gxf4+ 34.
Nxg8 Rxg8+ 35. Kf2 Rg2+ 36. Ke1 fxe3 37. Rxf5+ Ke6 38. Rd1 Kxf5 39. d7 Bf3 0-1